Coastal Sea Levels, Impacts and Adaptation (Record no. 11221)
[ view plain ]
| 000 -LEADER | |
|---|---|
| fixed length control field | 00581nam a2200121Ia 4500 |
| 008 - FIXED-LENGTH DATA ELEMENTS--GENERAL INFORMATION | |
| fixed length control field | 220615s9999||||xx |||||||||||||| ||und|| |
| 100 ## - MAIN ENTRY--PERSONAL NAME | |
| Personal name | Ivan Haigh (Ed.)||Thomas Wahl (Ed.)||Jan Even Øie Nilsen (Ed.)||Sally Brown (Ed.) |
| 245 #0 - TITLE STATEMENT | |
| Title | Coastal Sea Levels, Impacts and Adaptation |
| 546 ## - LANGUAGE NOTE | |
| Language note | English[eng] |
| 650 ## - SUBJECT ADDED ENTRY--TOPICAL TERM | |
| Topical term or geographic name entry element | waves||risk management||coastal vulnerability and impacts||governance and socio-economic change||mean sea level rise and variability||storm surges||adaptation||extreme value analysis||tides |
| 856 ## - ELECTRONIC LOCATION AND ACCESS | |
| Uniform Resource Identifier | <a href="http://www.mdpi.com/books/pdfview/book/582">http://www.mdpi.com/books/pdfview/book/582</a> |
| 942 ## - ADDED ENTRY ELEMENTS (KOHA) | |
| Koha item type | E-Books |
| Withdrawn status | Lost status | Damaged status | Not for loan | Home library | Current library | Date acquired | Total Checkouts | Date last seen | Price effective from | Koha item type |
|---|---|---|---|---|---|---|---|---|---|---|
| Kerala University of Digital Sciences, Innovation and Technology Knowledge Centre | Kerala University of Digital Sciences, Innovation and Technology Knowledge Centre | 15/06/2022 | 15/06/2022 | 15/06/2022 | E-Books |